000 00498nam a2200181Ii 4500
003 JO-AjNU
008 230606s9999||||xx |||||||||||||| ||und||
040 _aJO-AjNU
_beng
_erda
_cJO-AjNU
041 _aeng
050 1 4 _aK190.2004
100 3 _aKUMAR k PRADEEP,
_eauthor
_9358
245 0 0 _aPHILOSOPHY OF CRIME
264 3 1 _aNEW DEIHI : DEEP PUBLICATIONS PVT ،2004
300 _a103p
336 _atext
_btxt
_2rdacontent
337 _aunmediated
_bn
_2rdamedia
338 _avolume
_bnc
_2rdacarrier
999 _aE189
_c189
_d189